Использование средств компьютерной графики при изучении курса "Начертательная геометрия" и "Инженерная графика"; Электротехника, электромеханика и электротехнологии

Bibliografiske detaljer
Parent link:Электротехника, электромеханика и электротехнологии.— 2005.— С. 271-274
Hovedforfatter: Тепикин И. Е.
Andre forfattere: Семёнова Л. Н. (научный руководитель)
Sprog:russisk
Udgivet: 2005
Fag:
Format: Book Chapter
KOHA link:https://koha.lib.tpu.ru/cgi-bin/koha/opac-detail.pl?biblionumber=129334

MARC

LEADER 00000naa2a2200000 4500
001 129334
005 20231031133253.0
035 |a (RuTPU)RU\TPU\book\139981 
090 |a 129334 
100 |a 20080123d k y0rusy50 ca 
101 0 |a rus 
102 |a RU 
200 1 |a Использование средств компьютерной графики при изучении курса "Начертательная геометрия" и "Инженерная графика"  |f И. Е. Тепикин  |g науч. рук. Л. Н. Семёнова 
320 |a Библиогр.: 8 назв. 
463 0 |0 (RuTPU)RU\TPU\book\118365  |t Электротехника, электромеханика и электротехнологии  |o труды пятой региональной научно-практической студенческой конференции, Томск, 7-10 июня 2005 г.  |f Томский политехнический университет; Электротехнический институт  |v С. 271-274  |d 2005  |p 296 с. 
610 1 |a компьютерная графика 
610 1 |a начертательная геометрия 
610 1 |a инженерная графика 
610 1 |a студенты 
610 1 |a обучение 
610 1 |a чертежи 
610 1 |a изображения 
610 1 |a труды учёных ТПУ 
700 1 |a Тепикин  |b И. Е. 
702 1 |a Семёнова  |b Л. Н.  |4 727 
801 1 |a RU  |b 63413507  |c 20080123  |g PSBO 
801 2 |a RU  |b 63413507  |c 20091021  |g RCR 
942 |c BK